000 00742nam a2200193Ii 4500
003 JO-AjNU
008 230605s9999||||xx |||||||||||||| ||und||
040 _aJO-AjNU
_bara
_erda
_cJO-AjNU
041 _aara
050 1 4 _aPJ7750.A257.A17 1983
100 3 _aتأليف بن خالوية،أبي عبد الله الحسين,
_eauthor
_99512
245 0 0 _aديوان أبو فراس الحمداني: رواية أبي عبد الله الحسين بن خالويه
264 3 1 _aبيروت:دار بيروت للطباعة والنشر،1983
300 _a334ص
336 _atext
_btxt
_2rdacontent
337 _aunmediated
_bn
_2rdamedia
338 _avolume
_bnc
_2rdacarrier
650 4 _a الشعر العباسي - الحمداني
_99513
999 _aA1339
_c4907
_d4907